| 000 | 00516 a2200193 4500 | ||
|---|---|---|---|
| 005 | 20250228102119.0 | ||
| 008 | 250221b |||||||| |||| 00| 0 eng d | ||
| 020 |
_a9789355739605 _cRs. 895.00 |
||
| 040 | _aMAIN | ||
| 082 |
_a621.43 _bM711E(6) |
||
| 100 | _aMoaveni, Saeed | ||
| 245 | _aEngineering fundamentals: An introduction to engineering | ||
| 250 | _a6th | ||
| 260 |
_bCengage India _aDelhi _c2024 |
||
| 300 | _axxi, 868 | ||
| 650 | _aEngineering | ||
| 650 | _aEngineering Fundamentals | ||
| 942 | _cBK | ||
| 999 |
_c386499 _d386499 |
||